01376nam a22003254a 4500001001200000003000800012006001900020007001500039008004100054010001700095020001500112040002100127035002000148050002300168082001700191100004700208245010800255260006800363300002500431490005100456504006400507533015200571650003700723650004900760655002900809710001700838830005200855856012600907999001701033ebr10021412CaPaEBRm u cr cn|||||||||011105s2002 enka sb 001 0 eng  z 2001052856 z0521813999 aCaPaEBRcCaPaEBR a(OCoLC)5261367914aPN671b.G74 2002eb04a809.3/022211 aGreen, D. H.q(Dennis Howard),d1922-2008.14aThe beginnings of medieval romanceh[electronic resource] :bfact and fiction, 1150-1220 /cD.H. Green. aCambridge, UK ;aNew York :bCambridge University Press,c2002. axiii, 292 p. :bill.1 aCambridge studies in medieval literature ;v47 aIncludes bibliographical references (p. 259-285) and index. aElectronic reproduction.bPalo Alto, Calif. :cebrary,d2013.nAvailable via World Wide Web.nAccess may be limited to ebrary affiliated libraries. 0aRomancesxHistory and criticism. 0aLiterature, MedievalxHistory and criticism. 7aElectronic books.2local2 aebrary, Inc. 0aCambridge studies in medieval literature ;v47.40uhttp://site.ebrary.com/lib/rucke/Doc?id=10021412zAn electronic book accessible through the World Wide Web; click to view c25036d25036